Williams Textbook of Endocrinology (Record no. 6043)
[ view plain ]
| 000 -LEADER | |
|---|---|
| fixed length control field | 00555nam a22002057a 4500 |
| 003 - CONTROL NUMBER IDENTIFIER | |
| control field | OSt |
| 005 - DATE AND TIME OF LATEST TRANSACTION | |
| control field | 20251003165125.0 |
| 008 - FIXED-LENGTH DATA ELEMENTS--GENERAL INFORMATION | |
| fixed length control field | 180315b xxu||||| |||| 00| 0 eng d |
| 020 ## - INTERNATIONAL STANDARD BOOK NUMBER | |
| International Standard Book Number | 9780323297387 |
| 040 ## - CATALOGING SOURCE | |
| Transcribing agency | DNLM |
| 082 ## - DEWEY DECIMAL CLASSIFICATION NUMBER | |
| Classification number | WK100 W671s 2016 |
| 100 ## - MAIN ENTRY--PERSONAL NAME | |
| Personal name | Melmed, Shlomo [et...al] |
| 9 (RLIN) | 12527 |
| 245 ## - TITLE STATEMENT | |
| Title | Williams Textbook of Endocrinology |
| 250 ## - EDITION STATEMENT | |
| Edition statement | 13th ed. |
| 260 ## - PUBLICATION, DISTRIBUTION, ETC. (IMPRINT) | |
| Place of publication, distribution, etc. | Philadelphia; Elsevier, 2016 |
| 300 ## - PHYSICAL DESCRIPTION | |
| Extent | xviii,1916p; col.ill: 28cm |
| 504 ## - BIBLIOGRAPHY, ETC. NOTE | |
| Bibliography, etc | References, & index included |
| 650 ## - SUBJECT ADDED ENTRY--TOPICAL TERM | |
| Topical term or geographic name as entry element | Endocrinology |
| 9 (RLIN) | 2229 |
| 942 ## - ADDED ENTRY ELEMENTS (KOHA) | |
| Source of classification or shelving scheme | Other/Generic Classification Scheme |
| Koha item type | Open Shelf |
| Withdrawn status | Lost status | Source of classification or shelving scheme | Damaged status | Not for loan | Home library | Current library | Date acquired | Source of acquisition | Inventory number | Total Checkouts | Full call number | Barcode | Date last seen | Koha item type | Public note | Price effective from |
|---|---|---|---|---|---|---|---|---|---|---|---|---|---|---|---|---|
| Other/Generic Classification Scheme | MUST Main Library | MUST Main Library | 15/03/2018 | 17/40613 | WK100 W671s 2016 | 2018-0176 | 15/03/2018 | Open Shelf | No Borrowing | |||||||
| Other/Generic Classification Scheme | MUST Main Library | MUST Main Library | 23/08/2022 | Purchase | 22/42008 | WK100 W671s 2016 | 2022-7935 | 23/08/2022 | Open Shelf | 23/08/2022 |
